Vybrané aspekty kauzality daňové incidence

Problematika daňovej spravodlivosti, účelnosti daní, výberu daní a analýza vývoja DPH v Českej republike. Prieskum vnímania daňovej politiky a daňového systému občanmi ČR.

Salvato in:
Dettagli Bibliografici
Autore principale: Hájek, Ladislav
Natura: Capitolo di libro
Lingua:ceco
Soggetti:
Tags: Aggiungi Tag
Nessun Tag, puoi essere il primo ad aggiungerne!!

MARC

LEADER 00000naa a2200000 4500
001 0179693
005 20231207102252.8
041 0 |a cze 
044 |a CZ 
245 1 0 |a Vybrané aspekty kauzality daňové incidence  |c Ladislav Hájek ... [et al.] 
520 |a Problematika daňovej spravodlivosti, účelnosti daní, výberu daní a analýza vývoja DPH v Českej republike. Prieskum vnímania daňovej politiky a daňového systému občanmi ČR. 
610 2 0 |a Česko 
610 2 0 |a politika daňová 
610 2 0 |a systémy daňové 
610 2 0 |a spravodlivosť daňová 
610 2 0 |a povinnosť daňová 
610 2 0 |a dane 
610 2 0 |a prieskum 
100 1 |a Hájek, Ladislav